Normal view
MARC view
- Dad Rubina
Entry Personal Name
001 - CONTROL NUMBER
- control field: 124166
003 - CONTROL NUMBER IDENTIFIER
- control field: NUST
005 - DATE AND TIME OF LATEST TRANSACTION
- control field: 20240708124643.0
008 - FIXED-LENGTH DATA ELEMENTS
- fixed length control field: 240708|| aca||aabn | a|a d
040 ## - CATALOGING SOURCE
- Original cataloging agency: NUST
- Transcribing agency: NUST
100 ## - HEADING--PERSONAL NAME
- Personal name: Dad Rubina
670 ## - SOURCE DATA FOUND
- Source citation: Work cat.: (NUST)480739: Dad Rubina , Gene Mapping in Families with Inherited Epilepsy Syndromes/ , 2018
